[Event "BCF-chT3N 1819 (4NCL)"]
[Site "England"]
[Date "2019.01.13"]
[Round "4.25"]
[White "Gostelow, David W"]
[Black "Almazedi, Firas"]
[Result "1-0"]
[WhiteElo "1922"]
[BlackElo "1836"]
[PlyCount "117"]
[EventDate "2018.11.10"]
[EventType "team-swiss"]
[EventRounds "11"]
[EventCountry "ENG"]
[SourceTitle "EXT 2021"]
[Source "ChessBase"]
[SourceDate "2020.10.23"]
[SourceVersion "1"]
[SourceVersionDate "2020.10.23"]
[SourceQuality "1"]
[WhiteTeam "Shropshire"]
[BlackTeam "Bradford DCA Knights II"]
[WhiteTeamCountry "ENG"]
[BlackTeamCountry "ENG"]

1. d4 d5 2. Bf4 Nf6 3. e3 c5 4. c3 Nc6 5. Nd2 Bf5 6. Ngf3 Qb6 7. Qc1 Rc8 8. dxc5 Qxc5 9. Nb3 Qb6 10. Nbd4 Nxd4 11. Nxd4 Bd7 12. Be2 g6 13. 0-0 Bg7 14. Be5 0-0 15. Rd1 Rfd8 16. Qc2 Bc6 17. Qb3 Qxb3 18. axb3 a6 19. Nxc6 Rxc6 20. Bf3 Rd7 21. Bxf6 Bxf6 22. Rxd5 Rxd5 23. Bxd5 Rc7 24. Rd1 Kf8 25. Bf3 Ke8 26. Kf1 h5 27. Ke2 a5 28. Rd5 b6 29. Rb5 Kd7 30. Rxb6 Ra7 31. Kd3 Kc7 32. Rb5 e6 33. Kc4 Be7 34. g3 h4 35. Kd3 Bf6 36. Bg2 Be7 37. Kd4 Bf6+ 38. Kc4 Be7 39. f4 hxg3 40. hxg3 Bd6 41. e4 f5 42. Kd4 Kc6 43. c4 Kc7 44. c5 Bf8 45. e5 Be7 46. Rb6 Kd7 47. Bc6+ Kc7 48. Bb5 Rb7 49. Rxb7+ Kxb7 50. Bd7 Kc7 51. Bxe6 Kc6 52. Bd5+ Kb5 53. c6 Bd6 54. Kd3 Kb6 55. Kc4 Be7 56. Bf7 g5 57. Kd5 gxf4 58. gxf4 Kc7 59. Be6 1-0

[Event "Wakefield 4NCL op-B 13th"]
[Site "Wakefield"]
[Date "2017.04.09"]
[Round "5.2"]
[White "Almazedi, Firas"]
[Black "Ai, Farshad"]
[Result "1/2-1/2"]
[WhiteElo "1770"]
[BlackElo "1952"]
[PlyCount "49"]
[EventDate "2017.04.07"]
[EventType "swiss"]
[EventRounds "5"]
[EventCountry "ENG"]
[SourceTitle "EXT 2023"]
[Source "ChessBase"]
[SourceDate "2022.10.05"]
[SourceVersion "1"]
[SourceVersionDate "2022.10.05"]
[SourceQuality "1"]

1. d4 d5 2. c4 c6 3. cxd5 cxd5 4. Bf4 Nc6 5. Nc3 Nf6 6. e3 a6 7. Be2 Bf5 8. Nf3 e6 9. Qb3 Na5 10. Qa4+ Nc6 11. Ne5 Qc8 12. 0-0 Nd7 13. Nxc6 bxc6 14. Rfc1 Be7 15. Nd1 c5 16. dxc5 0-0 17. Bd6 Bxd6 18. cxd6 Qd8 19. Rc7 Nf6 20. Qc6 a5 21. Rc1 e5 22. e4 Nxe4 23. Qxd5 Qxd6 24. Qxd6 Nxd6 25. Ne3 1/2-1/2

[Event "Wakefield 4NCL op-B 13th"]
[Site "Wakefield"]
[Date "2017.04.08"]
[Round "2.22"]
[White "Almazedi, Firas"]
[Black "Grobler, David J"]
[Result "1-0"]
[WhiteElo "1770"]
[BlackElo "1686"]
[PlyCount "134"]
[EventDate "2017.04.07"]
[EventType "swiss"]
[EventRounds "5"]
[EventCountry "ENG"]
[SourceTitle "EXT 2023"]
[Source "ChessBase"]
[SourceDate "2022.10.05"]
[SourceVersion "1"]
[SourceVersionDate "2022.10.05"]
[SourceQuality "1"]

1. d4 Nf6 2. c4 g6 3. Nc3 d5 4. cxd5 Nxd5 5. g3 Bg7 6. Bg2 Nxc3 7. bxc3 0-0 8. e3 c5 9. Ne2 Qc7 10. 0-0 Nc6 11. a4 Rb8 12. Ba3 b6 13. Qc2 Ba6 14. Rfd1 Na5 15. Nf4 e6 16. Qa2 Bc4 17. Qb2 Bb3 18. Rdb1 Bxa4 19. Qe2 Bc6 20. Bxc6 Qxc6 21. h4 Rfc8 22. h5 g5 23. Qg4 h6 24. Nd3 Nc4 25. Bc1 Qd7 26. Ra2 a5 27. Qe2 cxd4 28. cxd4 b5 29. Nc5 Qc6 30. f4 f6 31. Rc2 Bf8 32. Nb3 Qb6 33. Qd3 f5 34. e4 Nd6 35. Nc5 fxe4 36. Nxe4 Nxe4 37. Rxc8 Rxc8 38. Qxe4 Bg7 39. Be3 Rd8 40. d5 Qd6 41. dxe6 Re8 42. Rxb5 Rxe6 43. Qc4 Kh7 44. Qc2+ Kg8 45. Kf2 gxf4 46. Bxf4 Bd4+ 47. Kg2 Qc6+ 48. Qxc6 Rxc6 49. Rxa5 Rc2+ 50. Kf3 Kh7 51. Ra6 Bg7 52. Ra7 Rc5 53. g4 Kg8 54. Ke4 Rc4+ 55. Kf5 Rc5+ 56. Ke6 Rc6+ 57. Kd5 Rc2 58. Ra6 Rg2 59. Rg6 Kf7 60. Ke4 Re2+ 61. Kf3 Re6 62. Rxe6 Kxe6 63. Ke4 Kf6 64. Be5+ Kf7 65. Bxg7 Kxg7 66. Ke5 Kf7 67. Kf5 Kg7 1-0

[Event "Wakefield 4NCL op-B 10th"]
[Site "Wakefield"]
[Date "2016.09.11"]
[Round "4.8"]
[White "Ansari, Athar"]
[Black "Almazedi, Firas"]
[Result "1/2-1/2"]
[WhiteElo "1826"]
[BlackElo "1773"]
[PlyCount "64"]
[EventDate "2016.09.09"]
[EventType "swiss"]
[EventRounds "5"]
[EventCountry "ENG"]
[SourceTitle "EXT 2023"]
[Source "ChessBase"]
[SourceDate "2022.10.05"]
[SourceVersion "1"]
[SourceVersionDate "2022.10.05"]
[SourceQuality "1"]

1. d4 Nf6 2. Nf3 e6 3. Bf4 c5 4. e3 Qb6 5. Qc1 Nc6 6. c3 d5 7. Bd3 Be7 8. 0-0 0-0 9. Nbd2 Bd7 10. Ne5 Qd8 11. Ndf3 Nh5 12. Nxd7 Qxd7 13. Ne5 Nxe5 14. Bxe5 f6 15. Bg3 Nxg3 16. hxg3 f5 17. Rd1 c4 18. Be2 b5 19. Qc2 a5 20. g4 g6 21. Rab1 Rab8 22. b3 Bd6 23. bxc4 bxc4 24. Rxb8 Rxb8 25. Rb1 Rxb1+ 26. Qxb1 Kf7 27. gxf5 exf5 28. Qb6 Bc7 29. Qc5 Qd6 30. Qxd6 Bxd6 31. Bf3 Ke6 32. Kf1 Ba3 1/2-1/2